000 00316nam a22001457a 4500
008 221011b ||||| |||| 00| 0 eng d
020 _a9780874348705
041 _aeng
080 _a61
082 _a61 ARN
100 _a1
101 _aMJEK
245 _aHANDBOOK OF CLINICAL SKILLS
_cARNOW D
942 _2udc
_cBK
999 _c58479
_d58479